000 00585nam a2200205Ia 4500
005 20250923144852.0
008 008 250917s9999 xx 000 0 eng d
037 _aTextual
040 _aDSWL
_beng
_cDSWL
041 _aeng
_2eng
084 _aY172:1:5.3C.N5, J6
_qDSWL
100 _aBanton, Michael
_9829242
245 4 _aThe coloured quarter
_cby Michael Banton
260 _aLondon
_bJonathancape 30, Bedford
_c1955
300 _a253p.
365 _aINR
_b15
925 _g15
942 _cTEXL
_hY172:1:5.3C.N5, J6
999 _c1444365
_d1444365